[Event "Dortmund op-A"]
[Site "Dortmund"]
[Date "1992.??.??"]
[Round "6"]
[White "Ernst, Thomas"]
[Black "Lau, Ralf"]
[Result "1/2-1/2"]
[WhiteElo "2535"]
[BlackElo "2480"]
[Annotator "Ernst,T"]
[PlyCount "48"]
[EventDate "1992.04.??"]
[EventType "swiss"]
[EventRounds "11"]
[EventCountry "GER"]
[SourceTitle "CBM 029"]
[Source "ChessBase"]
[SourceDate "1992.08.01"]
[SourceVersion "1"]
[SourceVersionDate "1992.08.01"]
[SourceQuality "1"]

1. e4 c5 2. Nf3 e6 3. d4 cxd4 4. Nxd4 a6 5. Bd3 Nf6 6. O-O Qc7 7. Be3 d5 8. Nc3
dxe4 $1 {Eine wichtige Neuerung.} (8... e5 9. Nxd5 Nxd5 10. exd5 exd4 11. Bxd4
$44 f6 12. Qh5+ Kd8 13. Rfe1 Bd6 14. Re3 Nd7 15. Rae1 Ne5 $2 16. f4 Nf7 {
Hawelko - Mokry, Polanica Zdroj 1986. 17.D:h7! und gewinnt.}) 9. Nxe4 Nbd7 10.
Nxf6+ Nxf6 11. Qf3 Bd6 12. h3 O-O $14 13. Rad1 Bd7 14. Rfe1 Rae8 15. Bg5 Be5
16. Bf1 (16. c3 Bxd4 17. cxd4 Bc6 $1 $10) 16... Nd5 17. c3 b5 18. Qe4 Bh2+ 19.
Kh1 Bf4 $1 $10 20. Bxf4 Nxf4 21. Nf3 Bc6 22. Qe5 Re7 (22... Qxe5 23. Nxe5 Nxh3
$2 24. Rd2 Ba8 25. Nd7 Rd8 26. Red1 $18) 23. Qxc7 Rxc7 24. Re3 Bd5 1/2-1/2

[Event "Olympiad-34"]
[Site "Istanbul"]
[Date "2000.11.05"]
[Round "8.1"]
[White "Svetushkin, Dmitry"]
[Black "Gunawan, Ruben"]
[Result "1-0"]
[WhiteElo "2472"]
[BlackElo "2503"]
[Annotator "Ernst,T"]
[PlyCount "69"]
[EventDate "2000.10.28"]
[EventType "team-swiss"]
[EventRounds "14"]
[EventCountry "TUR"]
[SourceTitle "EXT 2001"]
[Source "ChessBase"]
[SourceDate "2000.11.22"]
[SourceVersion "1"]
[SourceVersionDate "2000.11.22"]
[SourceQuality "1"]
[WhiteTeam "Moldova"]
[BlackTeam "Indonesia"]
[WhiteTeamCountry "MDA"]
[BlackTeamCountry "INA"]

1. e4 c5 2. Nf3 e6 3. d4 cxd4 4. Nxd4 a6 5. Bd3 Qc7 6. O-O Nf6 7. Qe2 d6 8. c4
g6 9. Nc3 Bg7 10. Rd1 O-O 11. Nf3 Nbd7 12. h3 b6 13. Bf4 Bb7 14. Rac1 Ne5 15.
Be3 Rac8 16. Nxe5 $5 {White plans an attack on the queenside.} dxe5 17. Na4
Bxe4 (17... Nd7 18. b4 $16) 18. Nxb6 Rcd8 19. Bxe4 Nxe4 20. c5 f5 $1 21. c6 {
This allows dangerous counterplay.} (21. f3 $1 Nf6 (21... Rxd1+ 22. Qxd1 f4 23.
Qd7 Qxd7 24. Nxd7 fxe3 25. fxe4 $36) 22. c6 Nd5 23. Nxd5 Rxd5 24. Qxa6 $16)
21... Rxd1+ 22. Qxd1 f4 23. Qd7 Rf7 (23... Qxd7 24. Nxd7 fxe3 25. Nxf8 exf2+
26. Kf1 $18) 24. Qe8+ Bf8 25. Na8 Qd6 26. c7 fxe3 27. fxe3 $1 (27. c8=Q $2
exf2+ 28. Kh2 (28. Kh1 f1=Q+ 29. Rxf1 Ng3+ 30. Kh2 Nxf1+ $40) 28... Qd2 29.
Qxf7+ Kxf7 30. Qb7+ Be7 31. Qxe4 Qxc1 $17) 27... Rf2 $2 (27... Qd2 $1 28. c8=Q
Qxe3+ 29. Kh1 Nf2+ 30. Kh2 Qf4+ (30... Ng4+ $11) 31. g3 Ng4+ 32. hxg4 Qh6+ 33.
Kg2 Qd2+ $11) 28. Qd8 $1 $18 (28. c8=Q Rxg2+ 29. Kxg2 Qd2+ 30. Kh1 Nf2+ $11 (
30... Ng3+ 31. Kg1 Ne2+ $11)) 28... Rd2 29. Qxd6 Nxd6 30. Nb6 Bh6 (30... Rd3
31. Rc6 $18) 31. Nc4 $1 Bxe3+ 32. Kh1 Nc8 33. Nxd2 Kf7 34. Rd1 Ke7 35. Nf3 1-0

[Event "Interzonal-14a"]
[Site "Subotica"]
[Date "1987.??.??"]
[Round "9"]
[White "Ernst, Thomas"]
[Black "Sax, Gyula"]
[Result "1/2-1/2"]
[WhiteElo "2465"]
[BlackElo "2565"]
[Annotator "Ernst,T"]
[PlyCount "91"]
[EventDate "1987.06.??"]
[EventType "tourn"]
[EventRounds "17"]
[EventCountry "YUG"]
[EventCategory "11"]
[SourceTitle "CBM 003"]
[Source "ChessBase"]
[SourceDate "1988.04.01"]
[SourceVersion "1"]
[SourceVersionDate "1988.04.01"]
[SourceQuality "1"]

1. e4 c5 2. Nf3 e6 3. d4 cxd4 4. Nxd4 a6 5. Bd3 g6 6. O-O Bg7 7. Nb3 d6 8. c4
Nf6 9. Nc3 O-O 10. Bg5 $5 (10. Be2) 10... Qc7 11. f4 Nbd7 12. Qf3 b6 13. Qh3 (
13. e5 $2 dxe5 14. Qxa8 Bb7 $13) 13... Bb7 14. Kh1 Rae8 15. Rae1 Nh5 16. f5 $5
(16. g4 $2 Nhf6 $17) 16... Nhf6 17. fxe6 fxe6 18. Nd4 Nc5 19. Bc2 Nfxe4 $1 20.
Rxf8+ Rxf8 21. Nxe4 Bxe4 $2 (21... Bxd4 $1 22. Nxc5 bxc5 23. Qxe6+ Kg7 $17) 22.
Nxe6 Qc8 23. Bxe4 Nxe4 24. Bh4 $1 $14 Rf5 25. Nxg7 Kxg7 26. Qd3 Qc6 27. Qd4+
Kg8 28. Kg1 Re5 29. Bd8 b5 30. cxb5 axb5 31. Ba5 Qc5 32. Bb6 Qc6 33. a3 Nf6 34.
Ba5 Qc5 35. Qxc5 Rxe1+ 36. Bxe1 dxc5 $16 37. Kf2 Kf7 38. Kf3 Ke6 39. Kf4 h6 40.
Bd2 c4 41. Bc3 Nd5+ 42. Ke4 Nxc3+ $2 43. bxc3 Kd6 44. g4 $4 (44. Kd4 Kc6 45. a4
bxa4 46. Kxc4 Kd6 47. Kb4 Kd5 48. g4 g5 49. h3 $18) 44... Kc5 $1 $10 45. Ke3
Kb6 46. Kd2 1/2-1/2

[Event "Hoogeveen m1 23rd"]
[Site "Hoogeveen"]
[Date "2019.10.22"]
[Round "3"]
[White "Firouzja, Alireza"]
[Black "Cori, Jorge Moise"]
[Result "1-0"]
[WhiteElo "2702"]
[BlackElo "2671"]
[Annotator "Firouzja,A"]
[PlyCount "101"]
[EventDate "2019.10.20"]
[EventType "match"]
[EventRounds "6"]
[EventCountry "NED"]
[SourceTitle "CBM 193 Extra"]
[Source "ChessBase"]
[SourceDate "2020.01.31"]
[SourceVersion "1"]
[SourceVersionDate "2020.01.31"]
[SourceQuality "1"]

{[%evp 0,101,58,14,41,43,49,43,38,29,98,48,69,72,64,44,44,17,34,10,11,-14,0,
-10,-7,-26,-25,-45,-40,-28,-24,-43,-23,-19,0,-7,-11,0,-25,-25,-19,-41,-28,-20,
-11,1,-12,-23,35,72,255,55,47,49,47,48,42,46,46,46,45,45,45,45,93,93,73,60,61,
55,80,76,94,114,258,142,147,158,162,155,155,118,149,170,144,144,151,124,149,
118,102,102,139,117,142,131,130,106,376,401,404,407,405,423]} 1. e4 {This game
was very interesting, featuring a typical sharp Sicilian fight.} c5 2. Nf3 e6
3. d4 cxd4 4. Nxd4 a6 {The Sicilian Paulsen system. In the other games of our
match, he tried 2...Nc6.} 5. Bd3 {The main line.} d6 $5 {Just picking a setup.
So from here, we both were out of the book, but of course I have been playing
these positions since my childhood.} 6. O-O Nf6 7. Nc3 Be7 8. Kh1 $5 {
Preparing for f4, Kh1 is always needed because of the a7-g1 diagonal.} Nc6 9.
Nb3 {Maybe not the best move, but I wanted to keep the pieces on.} (9. Nxc6 $5
bxc6 10. b3 $13) 9... O-O 10. a4 b6 11. f4 Bb7 12. Qf3 $5 {This idea came to
my mind over the board, and I think it is very interesting. The queen on h3
always looks scary combined with the bishop on d3.} Nb4 13. Qh3 {Until here
Black played all the typical moves of the Sicillian.} Nxd3 $6 {I just didn't
like this move for him. He could have played ...e5!, when my bishop on d3 is
closed in and he keeps his strong knight on b4!} (13... e5 14. Be3 Bc8 15. Qf3
Bg4 16. Qf2 Be6 $13) 14. cxd3 Rc8 15. Nd4 $14 {I think White has a very
comfortable position.} Re8 16. Be3 Bf8 17. Rad1 $5 {A very strange looking
move, but in a lot of lines the pawn on d3 was hanging after ...Nd7/...Nc5,
and also I didn't see a useful move for him.} g6 $5 {Begging White to play f5!}
18. f5 $1 {Of course!} exf5 19. Bg5 Bg7 20. exf5 Qd7 {The bishop on d7 is
suddenly a monster, but here it was the most strange situation of the match:
we were both calculating move until move 30, a very attractive and interesting
line along which we both missed something...} 21. Qh4 Nh5 22. f6 h6 $1 23. Bd2
$1 {We both saw all of this when he played 20...Qd7, and the calculation
doesn't stop here!} Nxf6 (23... Qd8 $3 {This is the move which we both missed
during our calculations, but fortunately for me there was still a way to not
being worse here:} 24. Nf5 $1 gxf5 25. Rxf5 $1 Rc5 {A very nice move.} 26. Qxh5
Rxf5 27. Qxf5 Qxf6 28. Qxf6 Bxf6 29. Bxh6 {and I think Black is still very
slighty better, but White can hold.}) 24. Rxf6 Rxc3 $1 25. bxc3 $3 {What a
move!} ({The bishop should remain on d2 due to} 25. Bxc3 g5 $1 {and I don't
have Bxg5 here. But why is 25...g5 is necessary? Just see...} 26. Qf2 Bxf6 27.
Qxf6 Bxg2+ 28. Kxg2 Qg4+ 29. Kf2 {and here he has} Qh4+ $3 {with a draw coming!
}) 25... Bxf6 (25... g5 $2 26. Bxg5 $18) 26. Qxf6 $6 Bxg2+ 27. Kxg2 Qg4+ 28.
Kf2 {No ...Qh4+ here because there is no pawn on g5!} Qxd1 29. Bxh6 Qe1+ 30.
Kg2 Qe5 31. Qf3 $14 {So my calculation stopped here when I played 23.Bd2 and I
thought that this was just a easier position for me. But actually, as we have
seen, 23.Bd2 was a mistake due to 23...Qd8!!} b5 32. axb5 axb5 33. Bf4 Qc5 34.
Qc6 $1 {Now my pieces are well cordinated.} Re2+ $5 (34... Rc8 35. Qxc5 Rxc5
36. Ne2 $14) 35. Kg3 Re1 {Big mistake!} (35... Qxc6 $1 36. Nxc6 f5 37. Nb4 $14
{, however, this is still very unpleasant for Black.}) 36. Qxd6 $1 Qxc3 37. Nf3
Re8 38. Qd7 $5 {A very interesting decision.} (38. Be5 {Of course I saw this
move with the continuation} Rxe5 39. Nxe5 b4 {, but I was not sure if this was
winning or not. The b-pawn looked very dangerous to me, and I still do not
regret my decision 38.Qd7.}) 38... Qc8 39. Qxb5 f6 40. h4 Qe6 41. d4 Rd8 42.
Qa5 $14 {I can put pressure on him for ever, and I was sure that he would
blunder somewhere because he had been worse all the game.} Rd7 43. Qa8+ Kg7 44.
Qb8 Qe7 45. Bc1 Kh7 46. Bd2 Qf7 47. Bb4 {A very interesting plan. After
bringing the bishop to the a3-f8 diagonal, Qf8 can always be unpleasant.} Kg7
48. Bd6 {Here was a very interesting moment, and I was not even sure what he
had to do.} Qe6 $4 {This loses nicely, in a way easy to miss.} (48... Qg8 {
I thought he had to do this.} 49. Qxg8+ Kxg8 50. Bc5 Kf7 51. Kf4 Ke6 52. Ke4
$16 {I am not sure whether this position is won for White, it should be
analysed more in depth.}) 49. Qf8+ Kh7 50. Be5 $1 g5 (50... fxe5 51. Ng5#) (
50... Qg8 51. Qxf6 $18) (50... Rf7 51. Ng5+ fxg5 52. Qh8#) 51. h5 $1 {What an
interesting battle!} 1-0

[Event "Interpolis-02"]
[Site "Tilburg"]
[Date "1978.09.01"]
[Round "1"]
[White "Dzindzichashvili, Roman"]
[Black "Huebner, Robert"]
[Result "1-0"]
[WhiteElo "2550"]
[BlackElo "2595"]
[Annotator "Ftacnik,L"]
[PlyCount "135"]
[EventDate "1978.09.01"]
[EventType "tourn"]
[EventRounds "11"]
[EventCountry "NED"]
[EventCategory "14"]
[SourceTitle "MCL"]
[Source "ChessBase"]
[SourceDate "1999.07.01"]
[SourceVersion "1"]
[SourceVersionDate "1999.07.01"]
[SourceQuality "1"]

1. e4 c5 2. Nf3 e6 3. d4 cxd4 4. Nxd4 a6 5. Bd3 Nf6 (5... g6 6. c4 Bg7 7. Be3
Ne7 8. Nc3 O-O 9. O-O d6 10. Rc1 Nd7 11. Bb1 d5 $5 {Byrne-Hübner,Bugojno 1978})
6. O-O Qc7 (6... d6 7. c4 g6 8. b3 Bg7 9. Bb2 O-O 10. Nc3 b6 11. Qe2 Bb7) 7.
Qe2 d6 8. c4 g6 9. Be3 Bg7 10. Nc3 O-O 11. Rac1 b6 12. f3 Nbd7 13. b3 Bb7 14.
Rfd1 Rac8 15. Qd2 Rfe8 16. Bf1 Bf8 $5 (16... Qb8 17. Bh6 Bh8 $6) 17. Bh6 Be7
18. Kh1 Qb8 19. Qb2 Ne5 20. Bg5 Ned7 21. Qd2 Rc5 22. Be3 Rcc8 (22... Rc7 $5)
23. Bg5 Rc5 24. Be3 Rcc8 25. Re1 Bf8 26. Bh6 Be7 27. Be3 Bf8 28. Bg5 Qc7 29. a4
$5 Be7 30. Be3 Qb8 31. Qe2 Ba8 32. Red1 Bf8 {/\d5!?} 33. Bf2 Qc7 34. Kg1 Rb8
35. Qd2 Rbc8 36. h3 {/\37.Bg3 Nh5 38.Bh2!?} Bb7 37. Bg3 Rcd8 38. b4 Ne5 39. Nb3
Nh5 (39... Nxc4 $2 40. Bxc4 Qxc4 41. Nd5 $1) 40. Bf2 Rb8 (40... Nxc4 $5 41.
Bxc4 Qxc4 42. Qa2 $5 {/\Nd5} Nf4 (42... Qc8 43. g4 $5) (42... Qxb4 $6 43. Nd5
exd5 44. Be1) 43. Rd4 (43. Nd5 $5 Ne2+) 43... Qc8 44. Nd5 exd5 45. Rxc8 Rxc8
$13) 41. a5 bxa5 (41... Nxc4 $6) 42. Nxa5 Ba8 43. Na4 f5 $5 44. c5 $1 (44. exf5
$2 gxf5 $1 (44... Bxf3 $6) 45. c5 $2 (45. Qg5+ Ng7 46. c5 Rxb4 $1) 45... Qg7 $1
) 44... dxc5 $5 (44... fxe4 $5 45. cxd6 Qf7 $16) 45. Nxc5 fxe4 (45... Qf7 46.
f4 $5 (46. Bd4 $5) 46... Nc6 47. Nxc6 Bxc6 48. Nxa6) 46. Nxa6 Qf7 47. Nxb8 Rxb8
(47... exf3 $2 48. Nbc6) 48. Qg5 $1 Qf4 (48... Nd7 49. Rc7) (48... Bg7 49. Rd8+
) 49. Qxf4 Nxf4 50. Bg3 g5 51. Nc4 Neg6 $6 (51... Nxc4 $5 52. Rxc4 $5 Bd5 $5 (
52... exf3 $5) (52... Bxb4 $2 53. Rxb4 $1)) 52. fxe4 Bxb4 53. Nb6 $1 Rxb6 (
53... Bxe4 $2 54. Nd7 {/\Nf6}) 54. Rd8+ Kg7 55. Rxa8 Bd6 {/\Nh3} 56. Bf2 Rb4
57. Rd1 Be7 58. g3 Nh5 59. Ra7 Kf6 60. Rc7 Ng7 61. Bd4+ $1 e5 62. Bf2 Ne8 63.
Rc8 Kf7 64. Bc4+ Kg7 (64... Kf8 65. Rf1 Kg7 66. Be1 Ra4 67. Rf7+ Kh6 68. Rxe7
$1) 65. Be1 Ra4 66. Bb5 Nd6 67. Rxd6 Ra1 68. Rxg6+ $1 1-0

[Event "Hoogovens-B"]
[Site "Wijk aan Zee"]
[Date "1977.01.15"]
[Round "2"]
[White "Van der Sterren, Paul"]
[Black "Popov, Luben"]
[Result "1-0"]
[WhiteElo "2375"]
[BlackElo "2410"]
[Annotator "Ftacnik,L"]
[PlyCount "111"]
[EventDate "1977.01.14"]
[EventType "tourn"]
[EventRounds "11"]
[EventCountry "NED"]
[EventCategory "7"]
[SourceTitle "MCL"]
[Source "ChessBase"]
[SourceDate "1999.07.01"]
[SourceVersion "1"]
[SourceVersionDate "1999.07.01"]
[SourceQuality "1"]

1. e4 c5 2. Nf3 e6 3. d4 cxd4 4. Nxd4 a6 5. Bd3 g6 6. O-O Bg7 7. c3 d6 8. Nd2
Ne7 9. a4 O-O (9... Nbc6) 10. a5 e5 11. N4b3 (11. Nc2 d5) 11... Be6 12. Nc4 Nd7
$1 13. Bg5 (13. Nxd6 $2 Bxb3 14. Qxb3 Nc5 $19) 13... f6 14. Be3 Qc7 15. Nb6
Nxb6 16. axb6 $5 Qd7 17. c4 Nc6 18. Na5 Nxa5 19. Rxa5 Rac8 20. b3 f5 21. f3 f4
22. Bf2 g5 23. c5 $5 Rfd8 (23... dxc5 24. Bc4 Qf7 25. Bxc5 $14) 24. Bc4 Bxc4
25. bxc4 dxc5 26. Qxd7 Rxd7 27. Rxc5 Rxc5 28. Bxc5 Bf8 29. Bf2 Rd8 30. c5 Rc8
31. Rd1 Bxc5 32. Bxc5 Rxc5 33. Rd7 Rb5 34. Rxb7 a5 $2 (34... Rb1+) 35. h4 $1
gxh4 36. Kh2 a4 37. Kh3 a3 38. Kg4 a2 39. Ra7 Rxb6 40. Rxa2 Rf6 41. Ra5 Re6 42.
Kf5 Rg6 43. Ra2 Rg3 44. Rf2 Rg7 45. Kxe5 Rf7 46. Rf1 Rg7 47. Rh1 Rxg2 48. Rxh4
Rf2 49. Kxf4 Kg7 50. Rh3 Kg6 51. Rg3+ Kf6 52. e5+ Kf7 53. Kf5 h5 54. Rh3 Kg7
55. f4 Kh6 56. e6 1-0

[Event "Linares 19th"]
[Site "Linares"]
[Date "2002.03.06"]
[Round "10"]
[White "Ivanchuk, Vassily"]
[Black "Vallejo Pons, Francisco"]
[Result "1-0"]
[WhiteElo "2717"]
[BlackElo "2629"]
[Annotator "Ftacnik,L"]
[PlyCount "45"]
[EventDate "2002.02.22"]
[EventType "tourn"]
[EventRounds "14"]
[EventCountry "ESP"]
[EventCategory "20"]
[SourceTitle "CBM 088"]
[Source "ChessBase"]
[SourceDate "2002.03.21"]
[SourceVersion "1"]
[SourceVersionDate "2002.03.21"]
[SourceQuality "1"]

1. e4 c5 2. Nf3 e6 3. d4 cxd4 4. Nxd4 a6 5. Bd3 Nf6 6. O-O d6 7. c4 Be7 8. Nc3
O-O 9. f4 Re8 10. Kh1 Nbd7 11. Qe2 g6 (11... Nf8 12. Nf3 N6d7 13. Bd2 Ng6 14.
Qf2 b6 15. Rae1 Bb7 16. a3 Rc8 17. b4 Rf8 18. Ne2 Nf6 19. Ng3 e5 20. fxe5 Ng4
21. Qe2 N6xe5 22. Nxe5 Nxe5 23. Nf5 {1-0 Rodriguez,A-Darga,K/Buenos Aires 1978/
(35)}) (11... Qc7 12. Bd2 (12. Nf3 e5 13. f5 Nc5 14. Bc2 b5 15. b4 Ncd7 16. Nd5
Qd8 17. Bd3 bxc4 18. Bxc4 Bb7 19. Nxe7+ Rxe7 20. Nd2 {1/2-1/2 Kruszynski,
W-Adamski,J/Warsaw 1981/ (33)}) 12... g6 13. Rae1 e5 14. Nc2 exf4 15. Bxf4 Qd8
16. Ne3 Nh5 17. Ncd5 Nxf4 18. Nxe7+ Rxe7 19. Rxf4 Nb6 20. Ref1 Be6 21. Qd2 Nd7
22. Nf5 {1-0 Howell,J-Kovacevic,S/Cannes 1995/ (50)}) 12. Bd2 $5 {Instructive
detail, Ivanchuk will finish the development of pieces without ever losing
control of the touchy square f4.} (12. b3 Bf8 13. Bb2 e5 $1 14. Nc2 exf4 15.
Rxf4 Ne5 16. Ne3 Bg7 $11) 12... Bf8 13. Rad1 Nh5 (13... e5 14. Nf3 $14) 14. Nf3
$1 (14. f5 $6 exf5 15. Nxf5 Ne5 16. Bc2 Bxf5 17. exf5 Qh4 $15) 14... b6 15. e5
Bb7 16. Ng5 Ng7 (16... Qc7 $5 17. Nxh7 dxe5 18. Nxf8 Rxf8 19. f5 exf5 20. Bxf5
Ndf6 21. Bc2 Rfe8 22. Ba4 Re7 23. Bg5 $14) 17. Be4 Qc7 18. Qf3 $1 {White is
forcing the opponent to exchange on e4, the position is becoming critical for
Vallejo.} Bxe4 19. Ncxe4 h6 (19... Qxc4 20. Rc1 Qxa2 21. Rc7 d5 22. Rxd7 (22.
Nc3 Qxb2 23. Rxd7 Re7 $14) 22... dxe4 23. Nxe4 Red8 24. Nf6+ Kh8 25. Bc3 $40)
20. exd6 Qd8 (20... Qxc4 21. Rc1 Qb5 22. Rc7 Rad8 23. Rxd7 Rxd7 24. Nf6+ Kh8
25. Bc3 Red8 26. a4 $1 Qc4 (26... Qxa4 27. Qh3 $18) 27. b3 $18) 21. Qh3 $1 (21.
Bc3 f5 $1 $11) 21... hxg5 (21... Nf5 22. Bc3 f6 23. Nf3 Ne3 24. Ne5 Nxd1 25.
Nxd7 $18) 22. fxg5 e5 $2 {[%mdl 8192] The defense was extremely ungrateful
task after white's piece sacrifice, but this mistake is simply terminating the
fight.} (22... Nf5 23. Bc3 Bg7 24. g4 Bxc3 25. Qxc3 Rc8 26. Rd3 $1 $18) 23.
Qxd7 1-0

[Event "Groningen"]
[Site "Groningen"]
[Date "1992.??.??"]
[Round "7"]
[White "Nijboer, Friso"]
[Black "Christiansen, Larry Mark"]
[Result "1-0"]
[WhiteElo "2485"]
[BlackElo "2625"]
[Annotator "Ftacnik,L"]
[PlyCount "119"]
[EventDate "1992.12.??"]
[EventType "tourn"]
[EventRounds "9"]
[EventCountry "NED"]
[EventCategory "14"]
[SourceTitle "CBM 034"]
[Source "ChessBase"]
[SourceDate "1993.06.01"]
[SourceVersion "1"]
[SourceVersionDate "1993.06.01"]
[SourceQuality "1"]

1. e4 c5 2. Nf3 e6 3. d4 cxd4 4. Nxd4 a6 5. Bd3 Nf6 6. O-O Qc7 7. Qe2 d6 8. c4
g6 9. Nc3 Bg7 10. Nf3 O-O 11. Bf4 Nbd7 12. Rfd1 Nh5 13. Be3 Ne5 14. Rac1 (14.
Nxe5 dxe5 15. g3 Bd7 16. c5 $14) 14... Bd7 15. Nd4 Rae8 (15... Rac8 16. b3 Nxd3
17. Qxd3 f5 18. exf5 gxf5 19. Nf3 f4 20. Qxd6 Qxd6 21. Rxd6 fxe3 22. Rxd7 exf2+
23. Kf1 $14 (23. Kxf2 Bxc3 24. Rxc3 Nf6 25. Rd4 e5 $17)) 16. f4 Nxd3 17. Qxd3
Rd8 $2 (17... e5 18. Nde2 Bg4 $1 (18... exf4 19. Nxf4 Nxf4 20. Bxf4 $14) 19. f5
(19. Nd5 Qc6 20. Rd2 Bxe2 21. Rxe2 exf4 22. Bxf4 Nxf4 23. Nxf4 Bh6 24. Rf1 Bxf4
25. Rxf4 $10) 19... gxf5 20. exf5 e4 21. Qxd6 Qxc4 22. b3 Qc8 $13) 18. Nde2 Bc6
19. b4 $1 f5 20. exf5 gxf5 21. b5 axb5 (21... Be8 22. bxa6 bxa6 23. c5 d5 24.
Qxa6 $16) 22. cxb5 Be8 23. Nd5 Qf7 24. Nc7 $1 Nf6 25. a4 Ne4 26. Bd4 Rd7 27.
Bxg7 Kxg7 28. b6 Qf6 29. Qd4 Bf7 (29... e5 $2 30. fxe5 dxe5 31. Nxe8+ $18) 30.
a5 Qxd4+ 31. Nxd4 Kf6 32. Ndb5 Ke7 33. Rd3 h5 34. Ra3 Rb8 35. Na7 Kf6 36. Rb1
e5 $6 37. Rc1 exf4 38. Nab5 Ke5 39. Rd3 Rg8 40. Nd4 Kf6 41. Nf3 Rdd8 42. Rd4
Rh8 43. h4 $1 Rhg8 44. Rc2 Rb8 45. Rb4 Nc5 46. Ng5 $1 Ne4 47. Nxe4+ fxe4 48.
Rxe4 Kf5 49. Rb4 Bg6 50. Rf2 Kf6 (50... Ke5 51. Re2+ Kf5 52. Nd5 $18) 51. Kh2 (
51. Rbxf4+ $18) 51... Bh7 52. Rfxf4+ Ke5 53. Rf7 Bd3 54. Re7+ Kf5 55. Rd4 Bb1
56. Rd1 Ba2 57. Rxd6 Rg4 58. g3 Ra4 59. Ne8 Kg4 60. Rg6+ (60. Rg6+ Kf5 61. Rf6+
Kg4 62. Rg7#) 1-0

[Event "Interpolis-01"]
[Site "Tilburg"]
[Date "1977.09.24"]
[Round "2"]
[White "Timman, Jan H"]
[Black "Huebner, Robert"]
[Result "1-0"]
[WhiteElo "2590"]
[BlackElo "2600"]
[Annotator "Ftacnik,L"]
[PlyCount "79"]
[EventDate "1977.09.23"]
[EventType "tourn"]
[EventRounds "11"]
[EventCountry "NED"]
[EventCategory "14"]
[SourceTitle "MCL"]
[Source "ChessBase"]
[SourceDate "1999.07.01"]
[SourceVersion "1"]
[SourceVersionDate "1999.07.01"]
[SourceQuality "1"]

1. e4 c5 2. Nf3 e6 3. d4 cxd4 4. Nxd4 a6 5. Bd3 Nf6 6. O-O d6 7. c4 g6 8. Nc3
Bg7 9. Be3 O-O 10. Rc1 b6 11. Qe2 Bb7 12. Rfd1 Nbd7 13. Bb1 (13. f4 Nc5 {xe4})
13... Qc7 14. f3 Rac8 15. b3 Qb8 16. Qd2 Rfd8 (16... d5 $6 17. cxd5 exd5 18.
exd5 Nxd5 19. Nxd5 Bxd5 20. Nf5 $1 $16) 17. Nde2 Bf8 18. Bh6 Be7 (18... Bxh6
19. Qxh6 b5 20. cxb5 axb5 21. Nxb5 Rxc1 22. Qxc1 Bxe4 23. Nxd6 Bxb1 24. Qxb1
Qb6+ 25. Kh1 Ne5 $132) 19. Nd4 Ba8 20. Re1 Re8 21. Kh1 (21. f4 Ng4 22. f5 d5
23. Bf4 e5 $13) 21... Rc5 22. Be3 Rcc8 23. Bg5 Rc5 24. Be3 Rcc8 25. Bf2 (25.
Bg5 Rc5 $10) 25... Bf8 26. Bd3 Nh5 27. Bf1 Ne5 28. Be2 (28. g3 f5 29. Bg2 Nf6
$132) 28... Nf6 29. Bg3 Ned7 (29... Bg7 30. Red1 Rcd8 $13) 30. Red1 Nh5 31. Bh4
Bg7 32. Bg5 Nc5 $6 33. Nc2 (33. b4 Nd7 34. Nc2 b5 35. Ne3 {xd6}) 33... Bf8 34.
Ne3 {P 35. g4, 36. d4} f6 35. Bh4 f5 $2 (35... Be7 $142) 36. exf5 gxf5 37. g4
$1 {P 38.gf5 ef5 39. d5} fxg4 38. Nxg4 Kh8 39. Nf6 Be7 (39... Nxf6 40. Bxf6+
Kg8 41. Rg1+ Kf7 42. Bh4 e5 43. Qg5 $18) 40. Qh6 (40. Nxh5 Bxh4 41. Qd4+ $18) (
40. Qh6 Bxf6 41. Bxf6+ Kg8 42. Rg1+ Kf7 43. Qxh5+ Kxf6 44. Qg5+ Kf7 45. Qg7# {
Timman}) 1-0

[Event "Petrov Memorial op"]
[Site "St Petersburg"]
[Date "1996.??.??"]
[Round "4"]
[White "Korneev, Oleg"]
[Black "Rublevsky, Sergei"]
[Result "0-1"]
[WhiteElo "2590"]
[BlackElo "2610"]
[Annotator "Ftacnik,L"]
[PlyCount "70"]
[EventDate "1996.02.??"]
[EventType "swiss"]
[EventRounds "9"]
[EventCountry "RUS"]
[SourceTitle "CBM 052"]
[Source "ChessBase"]
[SourceDate "1996.06.01"]
[SourceVersion "1"]
[SourceVersionDate "1996.06.01"]
[SourceQuality "1"]

1. e4 c5 2. Nf3 e6 3. d4 cxd4 4. Nxd4 a6 5. Bd3 Nf6 6. O-O d6 7. c4 Bd7 8. Nc3
Nc6 9. Nxc6 Bxc6 10. Qe2 Be7 11. Bf4 O-O 12. Rfd1 Nd7 13. Rac1 Ne5 14. Bb1 Qb8
15. Bg3 Rc8 16. c5 Be8 17. f4 Ng6 18. cxd6 Bxd6 19. e5 Bc7 20. Kh1 Bc6 21. h4
Ne7 22. h5 h6 23. Kh2 Rd8 24. Bh4 Rxd1 25. Rxd1 Qe8 26. Ne4 Kh8 27. Nf6 Qf8 28.
Qc2 Nf5 29. g4 {[#]} Qb4 $1 30. Bg3 (30. gxf5 Bxe5 $1 31. Bg3 Bxf6 32. fxe6
Qxb2 $13) 30... Bxe5 $1 31. fxe5 $2 (31. gxf5 Bxf6) 31... gxf6 32. gxf5 Qg4 33.
Rd4 (33. fxe6 Qxh5+ 34. Kg1 Qh1+ 35. Kf2 Qf3+ 36. Ke1 Qxg3+ $19) 33... Qf3 (
33... Qxd4 $2 34. fxe6 Be4 $8 35. Qxe4 Qxe4 36. Bxe4 $18) 34. Kh3 (34. Re4 exf5
) 34... Rg8 35. Qf2 (35. Qh2 fxe5 36. Rb4 exf5 $19) 35... Qh1+ 0-1